Missing Word: Sylvester Stallone Quiz Stats

 Plays Quiz Updated Mar 5, 2016

Challenge
Share
Tweet
Embed
Score 0/10 Timer 01:00
0 Plays Today
Movie Title Missing word % Correct
________ BalboaRocky
96.7%
Stop! Or My Mom Will ________Shoot
83.6%
Demolition ____Man
80.4%
________ & CashTango
69.2%
___ BloodFirst
64.6%
Judge ________Dredd
57%
Death ________ 2000Race
47.2%
________ the TopOver
44.4%
________ LandCop
31%
Get ________Carter
23.8%

Today's Daily Dose

You're not logged in!

Compare scores with friends on all Sporcle quizzes.
Join for Free
OR
Log In

You Might Also Like...

Show Comments

Extras

Top Quizzes Today


Score Distribution

Your Account Isn't Verified!

In order to create a playlist on Sporcle, you need to verify the email address you used during registration. Go to your Sporcle Settings to finish the process.

Report this User

Report this user for behavior that violates our Community Guidelines.

Details: